España gótica (Record no. 14480)

MARC details
000 -LEADER
campo de control de longitud fija 00780nam a2200241 i 4500
001 - NÚMERO DE CONTROL
campo de control 14480
003 - IDENTIFICADOR DE NÚMERO DE CONTROL
campo de control ES-MaACL
005 - FECHA Y HORA DE LA ÚLTIMA TRANSACCIÓN
campo de control 20250804220915.0
007 - CAMPO FIJO DE DESCRIPCIÓN FÍSICA--INFORMACIÓN GENERAL
campo de control de longitud fija t|
008 - DATOS DE LONGITUD FIJA--INFORMACIÓN GENERAL
campo de control de longitud fija 990329s1969 xxr ||||1| rus d
080 ## - NÚMERO DE LA CLASIFICACIÓN DECIMAL UNIVERSAL
Número de la Clasificación Decimal Universal 946.0"414/711"
080 ## - NÚMERO DE LA CLASIFICACIÓN DECIMAL UNIVERSAL
Número de la Clasificación Decimal Universal 930.85(363.62)
100 1# - ENTRADA PRINCIPAL--NOMBRE DE PERSONA
Nombre de persona Corsunsky, A.R.
9 (RLIN) 40802
245 10 - MENCIÓN DEL TÍTULO
Título España gótica
Resto del título : ensayos sobre la historia socio-económica y política /
Mención de responsabilidad, etc. A.R. Corsunsky.
260 ## - PUBLICACIÓN, DISTRIBUCIÓN, ETC.
Lugar de publicación, distribución, etc. Moscú :
Nombre del editor, distribuidor, etc. Universidad,
Fecha de publicación, distribución, etc. 1969.
300 ## - DESCRIPCIÓN FÍSICA
Extensión 323 p. ;
Dimensiones 21 cm.
500 ## - NOTA GENERAL
Nota general Texto en caracteres cirílicos.
650 14 - PUNTO DE ACCESO ADICIONAL DE MATERIA--TÉRMINO DE MATERIA
Término de materia o nombre geográfico como elemento de entrada Visigodos-
Subdivisión general Historia
9 (RLIN) 17835
651 #7 - PUNTO DE ACCESO ADICIONAL DE MATERIA--NOMBRE GEOGRÁFICO
Nombre geográfico España-
Subdivisión general Historia-
Subdivisión cronológica 0414-0711, Época visigoda
Fuente del encabezamiento o término
9 (RLIN) 162046
710 2# - ENTRADA AGREGADA--NOMBRE DE ENTIDAD CORPORATIVA
Nombre de entidad corporativa o nombre de jurisdicción como elemento de entrada Universidad de Moscú.
9 (RLIN) 7227
852 ## - LOCALIZACIÓN
Ubicación ES-MaACL
Número de control de estantería F-7075
Sublocalización o colección R.99449
Holdings
Estatus retirado Estado de pérdida Estado de daño No para préstamo Biblioteca de origen Biblioteca actual Ubicación en estantería Fecha de adquisición Fuente de adquisición Total de préstamos Signatura topográfica completa Código de barras Visto por última vez Precio de reemplazo Tipo de ítem Koha
        Biblioteca del Ateneo de Madrid Biblioteca del Ateneo de Madrid Depósito 2 17/01/2008     F-7075 1014728 23/02/2023 23/02/2023 Libro impreso